000 00292nam a22001337a 4500
008 170719b xxu||||| |||| 00| 0 eng d
020 _a9780385529198
041 _aeng
080 _a2
100 _a24
101 _aTEO
245 _aWHY ARE JEWS LIBERALS?
_cPODHORETZ, N
942 _2udc
_cBK
999 _c21586
_d21586